000 00736nam a22002537a 4500
001 BR9403517
003 BR-BrBNA
005 20230928094216.0
007 ta
008 230509b bl.||||| |||| 00| 0 por d
040 _aBR-BrBNA
_bpor
_cBiblioteca Nacional de Agricultura
041 _a(Por)
072 _aE16; E71
_b1125
090 _ 1125 BR9403517
110 1 _aCentro Nacional de Pesquisa de Caju, Fortaleza, CE (Brasil)
_91758
245 1 _aCastanha de caju: producao e consumo internacional
260 3 _aFortaleza, CE (Brasil):
_c1992.
300 _a18 p.
650 _aCastanha de Caju
650 _aEstatistica de Producao
650 _aMercado Internacional
909 _a202309
_bLucia
_c55
_dLucia Elande
942 _cBK
999 _c49409
_d49409